Online Catalogue and eLibrary

Srilankawe prathamika janathawa (Record no. 1031)

MARC details
000 -LEADER
fixed length control field 00406nam a2200157Ia 4500
005 - DATE AND TIME OF LATEST TRANSACTION
control field 20250519023918.0
008 - FIXED-LENGTH DATA ELEMENTS--GENERAL INFORMATION
fixed length control field 240331s9999 xx 000 0 und d
020 ## - INTERNATIONAL STANDARD BOOK NUMBER
ISBN 9552047609
082 ## - DDC Classification
Class No. 301
Item Number - Author Mark SAM
100 ## - MAIN ENTRY--PERSONAL NAME
Personal name Samarasekare , S
245 #0 - TITLE STATEMENT
Title Srilankawe prathamika janathawa
260 ## - PUBLICATION, DISTRIBUTION, ETC.
Place of publication, distribution, etc. Colombo
Name of publisher, distributor, etc. S. Godage & Brothers
Date of publication, distribution, etc. 2001
300 ## - PHYSICAL DESCRIPTION
Extent (e.g. Volumes, Pages etc.) 238 p .,
500 ## - GENERAL NOTE
General note Sri Lanka's Ancient Pupils
942 ## - Koha item type (Biblio)
Koha item type Books in Stacks (Lending)
Holdings
Lost status Damaged status Collection code Home library Current library Shelving location Date acquired Full call number Accession Number Item type
    Lending WERC Library WERC Library Social Science Cupboard 03/31/2024 301 SAM 4917 Books in Stacks (Lending)

© WERC Library